مكتبة جامعة عجلون الوطنية

فهرس بحث المكتبة

Normal view MARC view
  • العدوان، عبد الحليم مناع أبو العماش

Entry Personal Name

Number of records used in: 1

001 - CONTROL NUMBER

  • control field: 45911

003 - CONTROL NUMBER IDENTIFIER

  • control field: JO-AjAnu

005 - DATE AND TIME OF LATEST TRANSACTION

  • control field: 20230606081606.0

008 - FIXED-LENGTH DATA ELEMENTS

  • fixed length control field: 230606|| aca||aabn | a|a d

040 ## - CATALOGING SOURCE

  • Original cataloging agency: JO-AjAnu
  • Transcribing agency: JO-AjAnu

100 ## - HEADING--PERSONAL NAME

  • Personal name: العدوان، عبد الحليم مناع أبو العماش

670 ## - SOURCE DATA FOUND

  • Source citation: Work cat.: (JO-AjAnu)23503: العدوان، عبد الحليم مناع أبو العماش , author, التحول الديمقراطي في الأردن 1989-2005